Statistiken für Arsenal Kader 2023/24

Klicken Sie hier um das Quiz zu spielen!

Allgemein

  • Dieses Quiz wurde 70 mal gespielt
  • Das Durchschnittsergebnis liegt bei 15 aus 25

Antwortstatistiken

Nr.NationSpieler% Korrekt
2FrankreichSaliba
89%
1EnglandRamsdale
87%
7EnglandSaka
87%
29DeutschlandHavertz
85%
9BrasilienJesus
85%
8Norwegenødegaard
84%
11BrasilienMartinelli
80%
41EnglandRice
80%
5GhanaPartey
75%
35UkraineZinchenko
75%
20ItalienJorginho
73%
4EnglandWhite
73%
22SpanienRaya
62%
15PolenKiwior
58%
18JapanTomiyasu
56%
19BelgienTrossard
56%
25ÄgyptenElneny
55%
10EnglandSmith Rowe
51%
12NiederlandeTimber
49%
14EnglandNketiah
35%
24EnglandNelson
31%
21PortugalVieira
31%
17PortugalSoares
27%
31EstlandHein
24%
6BrasilienMagahaes
2%

Verteilung der Resultate

Perzentil nach korrekt beantworteten Fragen

Anzahl Personen mit jedem Resultat

Ihre Resultats-Entwicklung

Sie haben dieses Quiz noch nicht gespielt